Total construction project management / (Record no. 541828)
[ view plain ]
| 000 -LEADER | |
|---|---|
| fixed length control field | 00764pam a2200205 a 4500 |
| 020 ## - INTERNATIONAL STANDARD BOOK NUMBER | |
| International Standard Book Number | 0070529868 (alk. paper) |
| 082 00 - DEWEY DECIMAL CLASSIFICATION NUMBER | |
| Classification number | 624.068 |
| Author Mark | RIT |
| -- | L-39,P-182 |
| 100 1# - MAIN ENTRY--PERSONAL NAME | |
| Personal name | Ritz, George J. |
| 9 (RLIN) | 36880 |
| 245 10 - TITLE STATEMENT | |
| Title | Total construction project management / |
| Statement of responsibility, etc. | George J. Ritz. |
| 260 ## - PUBLICATION, DISTRIBUTION, ETC. | |
| Place of publication, distribution, etc. | New York : |
| Name of publisher, distributor, etc. | McGraw-Hill, |
| Date of publication, distribution, etc. | c1994. |
| 300 ## - PHYSICAL DESCRIPTION | |
| Extent | xiv, 448 p. : |
| Other physical details | ill. ; |
| Dimensions | 24 cm. |
| 526 ## - STUDY PROGRAM INFORMATION NOTE | |
| Program name | 0 |
| Interest level | 0 |
| Reading level | 0 |
| Title point value | 624_068000000000000_RIT |
| 650 #0 - SUBJECT ADDED ENTRY--TOPICAL TERM | |
| Topical term or geographic name entry element | Construction industry |
| General subdivision | Management. |
| 9 (RLIN) | 806 |
| 650 #0 - SUBJECT ADDED ENTRY--TOPICAL TERM | |
| Topical term or geographic name entry element | Construction projects |
| General subdivision | Management. |
| 9 (RLIN) | 36881 |
| 650 #0 - SUBJECT ADDED ENTRY--TOPICAL TERM | |
| Topical term or geographic name entry element | MCE |
| 9 (RLIN) | 379 |
| 856 41 - ELECTRONIC LOCATION AND ACCESS | |
| Uniform Resource Identifier | <a href="http://www.loc.gov/catdir/toc/mh022/93027856.html">http://www.loc.gov/catdir/toc/mh022/93027856.html</a> |
| 856 42 - ELECTRONIC LOCATION AND ACCESS | |
| Uniform Resource Identifier | <a href="http://www.loc.gov/catdir/bios/mh041/93027856.html">http://www.loc.gov/catdir/bios/mh041/93027856.html</a> |
| 856 42 - ELECTRONIC LOCATION AND ACCESS | |
| Uniform Resource Identifier | <a href="http://www.loc.gov/catdir/description/mh022/93027856.html">http://www.loc.gov/catdir/description/mh022/93027856.html</a> |
| 942 ## - ADDED ENTRY ELEMENTS (KOHA) | |
| Source of classification or shelving scheme | |
| Koha item type | Book |
| Withdrawn status | Lost status | Source of classification or shelving scheme | Damaged status | Not for loan | Permanent Location | Current Location | Date acquired | Total Checkouts | Full call number | Barcode | Date last seen | Date last checked out | Price effective from | Koha item type |
|---|---|---|---|---|---|---|---|---|---|---|---|---|---|---|
| Military College of Engineering (MCE) | Military College of Engineering (MCE) | 09/04/2013 | 1 | 624.068 RIT | MCE-43456 | 06/12/2014 | 06/06/2014 | 09/04/2013 | Book |
